000 00717fam a2200217 a 4500
020 _a0673984605
082 0 0 _a624.18341
_bWAN
_cN-01 P-89
100 1 _aWang, Chu-Kia,
_938605
245 1 0 _aReinforced concrete design /
_cChu-Kia Wang, Charles G. Salmon.
250 _a6th ed.
260 _aMenlo Park, Calif. :
_bAddison-Wesley,
_cc1998.
300 _axii, 1028 p. :
_bill. ;
_c25 cm.
526 _a0
_b0
_c0
_d624_183410000000000_WAN
526 _a0
_b0
_c0
_d624_183410000000000_WAN
526 _a0
_b0
_c0
_d624_183410000000000_WAN
526 _a0
_b0
_c0
_d624_183410000000000_WAN
650 0 _aNUST
_96342
650 0 _aReinforced concrete construction.
700 1 _aSalmon, Charles G.
_938606
942 _2ddc
_cBK
999 _c547075
_d547075